[Event "SVK-ch sf 29th corr0102"]
[Site "Slovakia"]
[Date "2001.??.??"]
[Round "?"]
[White "Lanyi, Julius"]
[Black "Poller, Jan"]
[Result "1-0"]
[WhiteElo "2000"]
[BlackElo "2045"]
[PlyCount "47"]
[EventDate "2001.??.??"]
[EventType "tourn (corr)"]
[EventRounds "12"]
[EventCountry "SVK"]
[SourceTitle "Corr 2004"]
[Source "ChessBase"]
[SourceDate "2003.04.28"]
[SourceVersion "3"]
[SourceVersionDate "2003.04.28"]
[SourceQuality "1"]

1. e4 d6 2. d4 Nf6 3. Nc3 g6 4. f4 Bg7 5. Nf3 0-0 6. Bd3 Bg4 7. h3 Bxf3 8. Qxf3 Nc6 9. Be3 e5 10. dxe5 dxe5 11. f5 Nd4 12. Qf2 c5 13. g4 h6 14. 0-0-0 g5 15. Rdg1 Nh7 16. h4 f6 17. Nd5 b6 18. Bc4 Kh8 19. c3 Nc6 20. Rd1 Qc8 21. hxg5 fxg5 22. Qh2 Qb7 23. Rdf1 Rad8 24. f6 1-0

[Event "Bratislava op"]
[Site "Bratislava"]
[Date "1995.??.??"]
[Round "2"]
[White "Dubai, M."]
[Black "Poller, Jan"]
[Result "1-0"]
[WhiteElo "1630"]
[BlackElo "1860"]
[PlyCount "123"]
[EventDate "1995.??.??"]
[EventType "swiss"]
[EventRounds "9"]
[EventCountry "SVK"]
[SourceTitle "EXT 1997"]
[Source "ChessBase"]
[SourceDate "1996.11.15"]
[SourceVersion "1"]
[SourceVersionDate "1996.11.15"]
[SourceQuality "1"]

1. d4 Nf6 2. c4 g6 3. Nc3 Bg7 4. Nf3 d6 5. e4 Bg4 6. Be2 0-0 7. Be3 Nbd7 8. Qd2 Bxf3 9. Bxf3 e5 10. d5 a6 11. 0-0 Rc8 12. Bg5 Qe8 13. b4 Nb6 14. Be2 Ra8 15. Qc2 Nfd7 16. a4 a5 17. Nb5 Qb8 18. c5 Nc8 19. Bg4 Nf6 20. Bxc8 Rxc8 21. Bxf6 Bxf6 22. bxa5 Rxa5 23. c6 b6 24. Qe2 Rf8 25. Qg4 Rd8 26. Qf3 Bg7 27. h4 Qc8 28. g4 Rf8 29. Ra3 Qd8 30. h5 Qe7 31. Qh3 h6 32. hxg6 fxg6 33. Kg2 Rf7 34. Rh1 Ra8 35. Qh4 Qxh4 36. Rxh4 Raf8 37. Ra2 g5 38. Rh3 Kh7 39. Rha3 Kg6 40. a5 bxa5 41. Rxa5 Rf4 42. Nxc7 Rxg4+ 43. Kf1 Rxe4 44. Rc2 g4 45. Ne6 Rg8 46. c7 Rc8 47. Rb5 Ra4 48. Rb8 Ra8 49. Rxa8 Rxa8 50. c8Q Rxc8 51. Rxc8 Bf6 52. Nc7 e4 53. Re8 Kf5 54. Nb5 Be5 55. Re6 h5 56. Nxd6+ Kf4 57. Nc4 Bd4 58. d6 Kf5 59. Re8 Bf6 60. d7 Kg6 61. Re6 Kf5 62. Rxf6+ 1-0

[Event "Bratislava op"]
[Site "Bratislava"]
[Date "1995.??.??"]
[Round "8"]
[White "Poller, Jan"]
[Black "Holly, Karol"]
[Result "0-1"]
[WhiteElo "1860"]
[BlackElo "2560"]
[PlyCount "68"]
[EventDate "1995.??.??"]
[EventType "swiss"]
[EventRounds "9"]
[EventCountry "SVK"]
[SourceTitle "EXT 1997"]
[Source "ChessBase"]
[SourceDate "1996.11.15"]
[SourceVersion "1"]
[SourceVersionDate "1996.11.15"]
[SourceQuality "1"]

1. d4 e6 2. c4 Nf6 3. Nc3 d5 4. a3 a6 5. e3 c6 6. c5 Be7 7. b4 Nbd7 8. Nf3 0-0 9. Bb2 Ne8 10. e4 dxe4 11. Nxe4 Nef6 12. Bd3 Nxe4 13. Bxe4 Nf6 14. Bc2 h6 15. 0-0 Nd5 16. g3 Bd7 17. Qd3 g6 18. Ne5 Kg7 19. h4 h5 20. Nxg6 f5 21. Nxe7 Qxe7 22. f4 Kh6 23. Rae1 Qf7 24. Kh2 Rg8 25. Rg1 Rg7 26. Rg2 Rag8 27. Reg1 Rg6 28. Qf3 Be8 29. Bc1 Qf6 30. Bb2 Rg4 31. Kh3 Nxf4+ 32. Kh2 Rxh4+ 33. gxh4 Qxh4+ 34. Qh3 Qxh3# 0-1

[Event "Bratislava op"]
[Site "Bratislava"]
[Date "1995.??.??"]
[Round "1"]
[White "Poller, Jan"]
[Black "Mynar, Martin"]
[Result "0-1"]
[WhiteElo "1860"]
[BlackElo "2045"]
[PlyCount "84"]
[EventDate "1995.??.??"]
[EventType "swiss"]
[EventRounds "9"]
[EventCountry "SVK"]
[SourceTitle "EXT 1997"]
[Source "ChessBase"]
[SourceDate "1996.11.15"]
[SourceVersion "1"]
[SourceVersionDate "1996.11.15"]
[SourceQuality "1"]

1. c4 e5 2. Nc3 Nf6 3. d3 d6 4. h3 Be7 5. e4 c6 6. Be3 0-0 7. g4 Be6 8. Bg2 Na6 9. a3 Nc7 10. Nge2 d5 11. exd5 cxd5 12. cxd5 Nfxd5 13. 0-0 f5 14. Nxd5 Bxd5 15. f3 Bc6 16. Nc3 Nd5 17. Nxd5 Qxd5 18. Qc2 f4 19. Bf2 Rfd8 20. Rfd1 Bb5 21. d4 Rac8 22. Qf5 exd4 23. Qxd5+ Rxd5 24. Rxd4 Rxd4 25. Bxd4 Rc2 26. b4 a6 27. Be5 g5 28. Bd4 Kf7 29. Rb1 Bf6 30. Bxf6 Kxf6 31. Ra1 Ke5 32. a4 Bc6 33. Bf1 Bxf3 34. Re1+ Kd4 35. Re7 Be4 36. b5 axb5 37. axb5 f3 38. Rd7+ Ke3 39. Rd1 f2+ 40. Kh2 Re2 41. Ra1 Re1 42. Ra3+ Kf4 0-1

[Event "Bratislava op"]
[Site "Bratislava"]
[Date "1995.??.??"]
[Round "9"]
[White "Prochaska, Juergen"]
[Black "Poller, Jan"]
[Result "1-0"]
[WhiteElo "1940"]
[BlackElo "1860"]
[PlyCount "81"]
[EventDate "1995.??.??"]
[EventType "swiss"]
[EventRounds "9"]
[EventCountry "SVK"]
[SourceTitle "EXT 1997"]
[Source "ChessBase"]
[SourceDate "1996.11.15"]
[SourceVersion "1"]
[SourceVersionDate "1996.11.15"]
[SourceQuality "1"]

1. d4 Nf6 2. c4 d6 3. Nc3 g6 4. e4 Bg7 5. f3 0-0 6. Be3 b6 7. Qd2 c5 8. Nge2 e5 9. d5 Ne8 10. g4 Qh4+ 11. Ng3 f5 12. Bg5 Bh6 13. Bxh6 f4 14. Bxf8 Kxf8 15. Qf2 fxg3 16. Qxg3 Qg5 17. Be2 Bd7 18. h4 Qe3 19. h5 g5 20. Nd1 Qf4 21. Qxf4+ exf4 22. Nc3 h6 23. Kf2 Na6 24. a3 Ng7 25. Rhb1 Nc7 26. b4 Bc8 27. bxc5 dxc5 28. e5 Bd7 29. Ne4 Nge8 30. a4 Na6 31. a5 Nb4 32. axb6 a6 33. Nxc5 Nc2 34. Rxa6 Rd8 35. e6 Bc8 36. b7 Bxb7 37. Rxb7 Kg8 38. Nd7 Ne3 39. Rb8 Rxb8 40. Nxb8 Nf6 41. d6 1-0